| 000 | 00788nam a2200217 a 4500 | ||
|---|---|---|---|
| 003 | BD-RjUL | ||
| 005 | 20250121111234.0 | ||
| 008 | 250121s2020 bg ||||| |||| 00| 0 ben d | ||
| 020 |
_a9789849396888 : _cTk. 225.00 |
||
| 035 | _a(BD-RjUL) | ||
| 040 |
_aBD-RjUL _beng _cBD-RjUL |
||
| 041 | _aben | ||
| 082 |
_223 _a891.443 _bAHK 2020 |
||
| 100 |
_aআহসান, মোস্তফা তারিকুল _93247 |
||
| 245 |
_aকা আ তরুবর / _cমোস্তফা তারিকুল আহসান |
||
| 260 |
_aঢাকা : _bজোনাকী প্রকাশনী, _c২০২০ |
||
| 300 |
_a৮৭ পৃ.; _c২২ সেমি. |
||
| 650 |
_aবাংলা ছোট গল্প _9390 |
||
| 650 |
_aBengali short stories _912937 |
||
| 942 |
_2ddc _cBK |
||
| 999 |
_c84605 _d84605 |
||